Selected methods in cellular immunology / (Record no. 11812)
[ view plain ]
| 000 -LEADER | |
|---|---|
| fixed length control field | 00964nam a2200265 a 4500 |
| 001 - CONTROL NUMBER | |
| control field | 11812 |
| 003 - CONTROL NUMBER IDENTIFIER | |
| rucl marc code | BD-RjUL |
| 005 - DATE AND TIME OF LATEST TRANSACTION | |
| control field | 20211208235203.0 |
| 008 - FIXED-LENGTH DATA ELEMENTS--GENERAL INFORMATION | |
| fixed length control field | 170522s1980 caua b 001 0 eng |
| 020 ## - INTERNATIONAL STANDARD BOOK NUMBER | |
| International Standard Book Number | 0716711060 |
| 035 ## - SYSTEM CONTROL NUMBER | |
| System control number | (BD-RjUL)11861 |
| 040 ## - CATALOGING SOURCE | |
| Original cataloging agency | DLC |
| Transcribing agency | DLC |
| Modifying agency | DLC |
| -- | BD-RjU |
| Language of cataloging | eng |
| 041 ## - LANGUAGE CODE | |
| Language code of text/sound track or separate title | eng |
| 082 00 - DEWEY DECIMAL CLASSIFICATION NUMBER | |
| Edition number | 23 |
| Classification number | 571.96 |
| Author mark and year | SEL 1980 |
| 245 10 - TITLE STATEMENT | |
| Title | Selected methods in cellular immunology / |
| Statement of responsibility, etc. | edited by Barbara B. Mishell and Stanley M. Shiigi ; editorial consultants, Claudia Henry and Robert I. Mishell. |
| 260 ## - PUBLICATION, DISTRIBUTION, ETC. (IMPRINT) | |
| Place of publication, distribution, etc. | San Francisco : |
| Name of publisher, distributor, etc. | W. H. Freeman, |
| Date of publication, distribution, etc. | c1980. |
| 300 ## - PHYSICAL DESCRIPTION | |
| Pagination | xxix, 486 p. : |
| Illustrations | ill. ; |
| Size | 24 cm. |
| 504 ## - BIBLIOGRAPHY, ETC. NOTE | |
| Bibliography, etc | Includes bibliographies and index. |
| 650 ## - SUBJECT ADDED ENTRY--TOPICAL TERM | |
| Topical term or geographic name as entry element | Immunology |
| 9 (RLIN) | 214830 |
| 700 1# - ADDED ENTRY--PERSONAL NAME | |
| Personal name | Mishell, Barbara B., |
| Dates associated with a name | 1936- , ed. |
| Personal name | Shiigi, Stanley M., |
| Dates associated with a name | 1944- , Jt. ed. |
| Personal name | Henry, Claudia, editorial consultant |
| Personal name | Mishell, Robert I. , Jt. editorial consultant |
| 942 ## - ADDED ENTRY ELEMENTS (KOHA) | |
| Source of classification or shelving scheme | Dewey Decimal Classification |
| Koha item type | Books |
| Lost status | Source of classification or shelving scheme | Damaged status | Not for loan | Collection code | Permanent Location | Current Location | Shelving location | Date acquired | Source of acquisition | Cost, normal purchase price | Total Checkouts | Full call number | Date last seen | Copy number | Koha item type |
|---|---|---|---|---|---|---|---|---|---|---|---|---|---|---|---|
| Dewey Decimal Classification | Not For Loan | Non-fiction | Central Library, University of Rajshahi | Central Library, University of Rajshahi | Reading Room | 22/04/1984 | Toppan & Song | 35.95 | 571.96 SEL 1980 | 27/01/2014 | C-1 | Books | |||
| Dewey Decimal Classification | Non-fiction | Central Library, University of Rajshahi | Central Library, University of Rajshahi | 22/04/1984 | Tappam-Tulip | 35.95 | 571.96 SEL 1980 | 22/05/2017 | C-2 | Books |